Central Library, Doon University
WEBOPAC (ONLINE PUBLIC ACCESS CATALOGUE)

Natural Resources Engineering (Record no. 60719)

MARC details
000 -LEADER
fixed length control field 00478nam a22001817a 4500
005 - DATE & TIME
control field 20260423163109.0
008 - FIXED-LENGTH DATA ELEMENTS--GENERAL INFORMATION
fixed length control field 260423b |||||||| |||| 00| 0 eng d
020 ## - ISBN
International Standard Book Number 9788126560387
Price 1295.00
040 ## - CATALOGING SOURCE
Original cataloging agency Doon University
041 ## - Language
Language English
082 ## - DDC NUMBER
Classification number 631.6
Book Number TOL
100 ## - MAIN ENTRY--PERSONAL NAME
Personal name Tollner, Ernest W
245 ## - TITLE STATEMENT
Title Natural Resources Engineering
260 ## - PUBLICATION, DISTRIBUTION, ETC. (IMPRINT)
Place of publication, distribution, etc New Delhi
Name of publisher, distributor, etc Wiley Blackwell
Date of publication, distribution, etc 2016
300 ## - PHYSICAL DESCRIPTION
Pages 576
650 ## - Subject
Subject Environment Science (PM USHA)
942 ## - ADDED ENTRY ELEMENTS (KOHA)
Koha item type Books
100 ## - MAIN ENTRY--PERSONAL NAME
-- 18872
650 ## - Subject
-- 26725
952 ## - LOCATION AND ITEM INFORMATION (KOHA)
-- 2026-04-23
952 ## - LOCATION AND ITEM INFORMATION (KOHA)
-- 2026-04-23
952 ## - LOCATION AND ITEM INFORMATION (KOHA)
-- 2026-04-23
Holdings
Withdrawn status Lost status Source of classification or shelving scheme Damaged status Not for loan Location (home branch) Sublocation or collection (holding branch) Date acquired Koha issues (times borrowed) Koha full call number Accession No. Koha date last seen Koha item type
          Doon University Doon University 23.04.2026   631.6 TOL 32871 23.04.2026 Books
          Doon University Doon University 23.04.2026   631.6 TOL 32872 23.04.2026 Books
          Doon University Doon University 23.04.2026   631.6 TOL 32873 23.04.2026 Books
Contact : +91-135-2533126 (Library),+91-135-2533105 (Admin Office) , Email : doonlibrary@gmail.com

Powered by Koha